[Event "IECG CP.2006.P.00034 email"]
[Site "IECG email"]
[Date "2006.10.01"]
[Round "?"]
[White "Aguirre Izaguirre, Pedro Jose"]
[Black "Weir, Michael"]
[Result "0-1"]
[WhiteElo "1927"]
[BlackElo "1500"]
[PlyCount "52"]
[EventDate "2006.10.01"]
[EventType "tourn (corr)"]
[EventRounds "6"]
[SourceTitle "Corr 2011"]
[Source "ChessBase"]
[SourceDate "2010.08.31"]
[SourceVersion "1"]
[SourceVersionDate "2010.08.31"]
[SourceQuality "1"]

1. d4 d5 2. Nf3 Nf6 3. Bg5 Ne4 4. Bh4 c5 5. e3 Qb6 6. Qc1 Nc6 7. c3 Bf5 8. Nbd2 Rc8 9. Nxe4 dxe4 10. dxc5 Qxc5 11. Nd4 e6 12. Nxf5 Qxf5 13. Be2 Be7 14. Bxe7 Nxe7 15. 0-0 0-0 16. Qc2 Rfd8 17. Rad1 Nd5 18. Rd4 Nf6 19. Rfd1 Rxd4 20. Rxd4 h6 21. Qa4 a5 22. Qb3 Rc7 23. Qb6 Qc5 24. Qxc5 Rxc5 25. Rd8+ Kh7 26. Rb8 Rc7 0-1

[Event "IECG CP.2006.P.00034 email"]
[Site "IECG email"]
[Date "2006.10.01"]
[Round "?"]
[White "Weir, Michael"]
[Black "Pivirotto, Filiberto"]
[Result "0-1"]
[WhiteElo "1500"]
[BlackElo "1559"]
[PlyCount "46"]
[EventDate "2006.10.01"]
[EventType "tourn (corr)"]
[EventRounds "6"]
[SourceTitle "Corr 2011"]
[Source "ChessBase"]
[SourceDate "2010.08.31"]
[SourceVersion "1"]
[SourceVersionDate "2010.08.31"]
[SourceQuality "1"]

1. e4 Nf6 2. e5 Nd5 3. d4 d6 4. Nf3 Bg4 5. Be2 e6 6. 0-0 Be7 7. c4 Nb6 8. h3 Bf5 9. Nc3 0-0 10. Be3 d5 11. c5 Nc4 12. Bc1 b6 13. b3 Na5 14. b4 Nc4 15. Qb3 bxc5 16. bxc5 Nc6 17. Qa4 N6a5 18. g4 Bg6 19. Nd2 Qe8 20. Qxe8 Rfxe8 21. Nb5 Rec8 22. Nxc4 Nxc4 23. Bxc4 dxc4 0-1

[Event "IECG TE.2003.P.01309 email"]
[Site "IECG email"]
[Date "2003.11.11"]
[Round "2"]
[White "Niewold, Jaap"]
[Black "Weir, Michael"]
[Result "1/2-1/2"]
[WhiteElo "1749"]
[BlackElo "1500"]
[PlyCount "41"]
[EventDate "2003.11.11"]
[EventType "tourn (corr)"]
[EventRounds "12"]
[SourceTitle "Corr 2024"]
[Source "ChessBase"]
[SourceDate "2023.10.19"]
[SourceVersion "1"]
[SourceVersionDate "2023.10.19"]
[SourceQuality "1"]

1. e4 c5 2. Nf3 Nc6 3. d4 cxd4 4. Nxd4 Nf6 5. Nc3 e6 6. Ndb5 Bc5 7. Nd6+ Ke7 8. Nxc8+ Rxc8 9. Bd3 Ne5 10. 0-0 d6 11. Bg5 h6 12. Bxf6+ gxf6 13. Na4 Bb6 14. c3 Rg8 15. Be2 Ba5 16. b4 Bb6 17. Qd2 Rc4 18. Qc2 Rc8 19. Qd2 Rc4 20. Qc2 Rc8 21. Qd2 1/2-1/2

[Event "IECG TE.2003.P.01309 email"]
[Site "IECG email"]
[Date "2003.11.11"]
[Round "1"]
[White "Weir, Michael"]
[Black "Migliorini, Roberto"]
[Result "0-1"]
[WhiteElo "1500"]
[BlackElo "2084"]
[PlyCount "60"]
[EventDate "2003.11.11"]
[EventType "tourn (corr)"]
[EventRounds "12"]
[SourceTitle "Corr 2024"]
[Source "ChessBase"]
[SourceDate "2023.10.19"]
[SourceVersion "1"]
[SourceVersionDate "2023.10.19"]
[SourceQuality "1"]

1. e4 c5 2. Nf3 Nc6 3. d4 cxd4 4. Nxd4 Nf6 5. Nc3 e6 6. Ndb5 Bb4 7. a3 Bxc3+ 8. Nxc3 d5 9. Bd3 Ne5 10. 0-0 Nxe4 11. Bxe4 dxe4 12. Qxd8+ Kxd8 13. Nxe4 f6 14. Re1 Ke7 15. Bd2 Nc6 16. Rad1 e5 17. Be3 Rd8 18. Bc5+ Ke6 19. Rxd8 Nxd8 20. Rd1 Nf7 21. Nd6 b6 22. Ne8 Kf5 23. Be3 Rb8 24. Nxg7+ Kg6 25. Ne8 Bf5 26. Nc7 Rb7 27. Nd5 Bxc2 28. Rc1 Bb3 29. Nc7 Nd6 30. Rc6 Kf7 0-1

[Event "IECG TE.2003.P.01309 email"]
[Site "IECG email"]
[Date "2003.11.11"]
[Round "2"]
[White "Wurm, Tamas"]
[Black "Weir, Michael"]
[Result "0-1"]
[WhiteElo "1371"]
[BlackElo "1500"]
[PlyCount "36"]
[EventDate "2003.11.11"]
[EventType "tourn (corr)"]
[EventRounds "12"]
[SourceTitle "Corr 2024"]
[Source "ChessBase"]
[SourceDate "2023.10.19"]
[SourceVersion "1"]
[SourceVersionDate "2023.10.19"]
[SourceQuality "1"]

1. e4 c5 2. Nf3 Nc6 3. d4 cxd4 4. Nxd4 Nf6 5. Nc3 e6 6. Ndb5 Bc5 7. Bf4 0-0 8. Bc7 Qe7 9. Na4 Nxe4 10. Nxc5 Qxc5 11. Qe2 Nb4 12. Qxe4 Nxc2+ 13. Kd1 Nxa1 14. Bd6 Qxf2 15. Bxf8 Kxf8 16. Qb1 d5 17. Qxa1 e5 18. Qc1 Bg4+ 0-1